Stredná Ázia - rok 2005 a ďalšie- nespokojný minulý a zrejme nespokojnejší tento

Bibliographic Details
Main Author: Stupavský, Peter, 1959- (Author)
Format: Article
Language:Slovak
PhysicalDescription:Tab.
ISSN:1335-468X
Subjects:

MARC

LEADER 00000nab a2200000 ar4500
001 vtls008427629
003 SK-MaSNL
005 20260303070004.0
008 060202c2006 xo wr|p|||||||000 b|slo
015 |a SNBRB2006/02  |2 snkbucl 
040 |a SNKBUCL  |b slo  |c SNKBUCL  |e AACR2 
041 0 |a slo 
044 |a xo  |c SK 
080 |a 32  |x (5-191.2)  |2 1981 
080 |a 908  |x (292.53)  |2 1981 
100 1 |a Stupavský, Peter,  |d 1959-  |4 aut  |9 861235 
245 1 0 |a Stredná Ázia - rok 2005 a ďalšie-  |b nespokojný minulý a zrejme nespokojnejší tento  |c Peter Stupavský 
300 |b Tab. 
648 7 |a 2005  |2 snkbucl  |9 305506 
650 0 7 |a politika  |2 snkbucl  |9 968 
651 7 |a Ázia stredná  |2 snkbucl  |9 31348 
773 0 |t Slovo : spoločensko-politický týždenník  |g Roč. VIII, č. 3 (2006), s. 8  |x 1335-468X 
852 |a SNK  |b KIS3GCP 
999 |c 1753534  |d 1755464